Hush! a thai lullaby / (Record no. 6764)

MARC details
000 -LEADER
fixed length control field 00907nam a22002897a 4500
001 - CONTROL NUMBER
control field 6764
003 - CONTROL NUMBER IDENTIFIER
control field FISKH
005 - DATE AND TIME OF LATEST TRANSACTION
control field 20250825135231.0
008 - FIXED-LENGTH DATA ELEMENTS--GENERAL INFORMATION
fixed length control field 250526b cb ||||| |||| 00| 0 eng d
020 ## - INTERNATIONAL STANDARD BOOK NUMBER
International Standard Book Number 9780531071663
040 ## - CATALOGING SOURCE
Original cataloging agency FISKH
Language of cataloging eng
Transcribing agency FISKH
Modifying agency FISKH
050 ## - LIBRARY OF CONGRESS CALL NUMBER
Classification number PS3558.O316 H87
082 ## - DEWEY DECIMAL CLASSIFICATION NUMBER
Classification number 811.54
100 ## - MAIN ENTRY--PERSONAL NAME
Personal name Ho, Minfong
245 ## - TITLE STATEMENT
Title Hush! a thai lullaby /
Statement of responsibility, etc. by Minfong Ho ; Picture by Holly Meade
260 ## - PUBLICATION, DISTRIBUTION, ETC.
Place of publication, distribution, etc. New York :
Name of publisher, distributor, etc. Orchard Book,
Date of publication, distribution, etc. 1996.
300 ## - PHYSICAL DESCRIPTION
Extent 32 unnumbered pages :
Other physical details color illustrations ;
Dimensions 26 cm
505 ## - FORMATTED CONTENTS NOTE
Formatted contents note O<br/>
520 ## - SUMMARY, ETC.
Summary, etc. A lullaby which asks animals such as a lizard, monkey, and water-buffalo to be quiet and not disturb the sleeping baby.
521 8# - TARGET AUDIENCE NOTE
Target audience note 600<br/>
Source Lexile AD<br/>
521 8# - TARGET AUDIENCE NOTE
Target audience note O <br/>
Source Raz-Plus<br/><br/>
600 ## - SUBJECT ADDED ENTRY--PERSONAL NAME
Source of heading or term babies
650 ## - SUBJECT ADDED ENTRY--TOPICAL TERM
Topical term or geographic name entry element Babies
Form subdivision Asia
General subdivision Bedtime
700 ## - ADDED ENTRY--PERSONAL NAME
Personal name Meade, Holly
Relator term illustrator
942 ## - ADDED ENTRY ELEMENTS (KOHA)
Source of classification or shelving scheme Dewey Decimal Classification
Koha item type Books
Suppress in OPAC No
Holdings
Withdrawn status Lost status Source of classification or shelving scheme Damaged status Not for loan Collection Home library Current library Shelving location Date acquired Total Checkouts Full call number Barcode Date last seen Copy number Price effective from Koha item type
    Dewey Decimal Classification     Juvenile Fiction Footprints International School Library Network Toul Kork Campus Footprints International School Library Network Toul Kork Campus TK Primary Library Room(4th Floor), Bookcase 3&4, Shelves 17-32, Yellow Books 05/26/2025   HO 811.54 PS3558.O316 H87 FISTK02149 05/26/2025 1 05/26/2025 Books
    Dewey Decimal Classification     Juvenile Fiction Footprints International School Library Network Toul Tom Poung Campus Footprints International School Library Network Toul Tom Poung Campus TTP Primary Yellow Bookshelves 08/25/2025   HO 811.54 PS3558.O316 H87 FISBK05578 08/25/2025 2 08/25/2025 Books